[Event "Catalunya-chT Gp2"]
[Site "Barcelona"]
[Date "2024.02.24"]
[Round "6.9"]
[White "Gomez Anadon, Daniel"]
[Black "Molina Gil, Noah"]
[Result "1-0"]
[WhiteElo "2116"]
[BlackElo "1896"]
[PlyCount "77"]
[EventDate "2024.01.20"]
[EventType "team-tourn"]
[EventRounds "7"]
[EventCountry "ESP"]
[SourceTitle "CB11_2024"]
[SourceDate "2024.03.13"]
[SourceVersion "1"]
[SourceVersionDate "2024.03.13"]
[SourceQuality "1"]
[WhiteTeam "Geva CEA"]
[BlackTeam "Llinars"]
[WhiteTeamCountry "ESP"]
[BlackTeamCountry "ESP"]

1. e4 d5 2. exd5 Qxd5 3. Nc3 Qd6 4. g3 Nf6 5. Bg2 a6 6. Nge2 Nc6 7. d3 Bg4 8. h3 Bh5 9. Be3 e5 10. Qd2 0-0-0 11. 0-0-0 Nd4 12. g4 Bg6 13. f4 Nxe2+ 14. Nxe2 h5 15. f5 Bh7 16. Nc3 hxg4 17. hxg4 Be7 18. Qe2 Qb4 19. g5 Nd7 20. Nd5 Qd6 21. Qf3 c6 22. Nxe7+ Qxe7 23. Rh4 Nc5 24. f6 gxf6 25. gxf6 Qd6 26. Bxc5 Qxc5 27. Rxh7 Rxh7 28. Qf5+ Kb8 29. Qxh7 Qe3+ 30. Kb1 Qe2 31. Qh1 Rg8 32. Be4 Ka7 33. Rg1 Rd8 34. Rg7 Rh8 35. Qg1+ Kb8 36. Rg8+ Rxg8 37. Qxg8+ Ka7 38. Qg1+ Kb8 39. a3 1-0

[Event "Catalunya-chT Gp2"]
[Site "Barcelona"]
[Date "2024.02.10"]
[Round "4.7"]
[White "Gomez Anadon, Daniel"]
[Black "Martin Barcelo, Carles"]
[Result "1/2-1/2"]
[WhiteElo "2116"]
[BlackElo "2222"]
[PlyCount "79"]
[EventDate "2024.01.20"]
[EventType "team-tourn"]
[EventRounds "7"]
[EventCountry "ESP"]
[SourceTitle "CB11_2024"]
[SourceDate "2024.03.13"]
[SourceVersion "1"]
[SourceVersionDate "2024.03.13"]
[SourceQuality "1"]
[WhiteTeam "Geva CEA"]
[BlackTeam "Barcelona Escacs CC"]
[WhiteTeamCountry "ESP"]
[BlackTeamCountry "ESP"]

1. e4 c6 2. d4 d5 3. exd5 cxd5 4. Nf3 Nc6 5. Bd3 Bg4 6. c3 Qc7 7. Nbd2 e6 8. Nf1 Bh5 9. Ng3 Bg6 10. 0-0 Nf6 11. Re1 Bd6 12. Nf5 0-0 13. Nxd6 Qxd6 14. Ne5 Bxd3 15. Qxd3 Nd7 16. Bf4 Ndxe5 17. Bxe5 Nxe5 18. Rxe5 Rab8 19. Rae1 b5 20. a3 a5 21. h4 b4 22. axb4 axb4 23. c4 dxc4 24. Qxc4 Rfd8 25. Rxe6 fxe6 26. Rxe6 Kh8 27. Rxd6 Rxd6 28. h5 h6 29. f3 Rbd8 30. Qxb4 Rxd4 31. Qe7 Rb8 32. Kh2 Rxb2 33. Qf8+ Kh7 34. Qf5+ Kh8 35. Kh3 Rdd2 36. g3 Rb3 37. Qf8+ Kh7 38. Qf5+ Kh8 39. Qf8+ Kh7 40. Qf5+ 1/2-1/2

[Event "Andorra op 39th"]
[Site "Escaldes"]
[Date "2023.07.27"]
[Round "6"]
[White "Gomez Anadon, Daniel"]
[Black "Ayats Llobera, Gerard"]
[Result "1/2-1/2"]
[WhiteElo "2127"]
[BlackElo "2452"]
[PlyCount "74"]
[EventDate "2023.07.22"]
[EventType "swiss"]
[EventRounds "9"]
[EventCountry "AND"]
[SourceTitle "CBM 215 Extra"]
[Source "ChessBase"]
[SourceDate "2023.09.30"]
[SourceVersion "1"]
[SourceVersionDate "2023.09.30"]
[SourceQuality "1"]

1. e4 g6 2. d4 Bg7 3. Nc3 d6 4. Nf3 Nf6 5. h3 0-0 6. Be3 a6 7. a4 b6 8. Qd2 Bb7 9. Bd3 e6 10. 0-0 Nbd7 11. Rfe1 c5 12. Bh6 cxd4 13. Nxd4 Nc5 14. Bxg7 Kxg7 15. b4 Nxd3 16. cxd3 Nh5 17. a5 b5 18. Rac1 Rc8 19. Nce2 Qe7 20. Rxc8 Rxc8 21. Rc1 Rxc1+ 22. Qxc1 e5 23. Nb3 Qe6 24. Qc3 Nf6 25. f3 Ne8 26. d4 f6 27. d5 Qe7 28. Qe3 f5 29. Qa7 fxe4 30. fxe4 Nf6 31. Nc3 Qd7 32. Nd2 h6 33. Qb6 Ne8 34. Nb3 Nf6 35. Nd2 Bc8 36. Qb8 Ne8 37. Ne2 Nf6 1/2-1/2

[Event "Andorra op 39th"]
[Site "Escaldes"]
[Date "2023.07.25"]
[Round "4"]
[White "Gomez Anadon, Daniel"]
[Black "Decuigniere, Tom"]
[Result "0-1"]
[WhiteElo "2127"]
[BlackElo "2393"]
[PlyCount "56"]
[EventDate "2023.07.22"]
[EventType "swiss"]
[EventRounds "9"]
[EventCountry "AND"]
[SourceTitle "CBM 215 Extra"]
[Source "ChessBase"]
[SourceDate "2023.09.30"]
[SourceVersion "1"]
[SourceVersionDate "2023.09.30"]
[SourceQuality "1"]

1. e4 c6 2. Nc3 d5 3. Nf3 dxe4 4. Nxe4 Nf6 5. Qe2 Nxe4 6. Qxe4 Nd7 7. Bc4 Nf6 8. Ne5 e6 9. Qe2 b5 10. Bd3 Qc7 11. a4 Bd6 12. Nxc6 b4 13. Nd4 a6 14. Nf5 Bb7 15. Nxd6+ Qxd6 16. 0-0 h5 17. Qe3 Rd8 18. f3 h4 19. Re1 h3 20. g3 Qc6 21. Rf1 Rh5 22. b3 Ng4 23. Qa7 Rxd3 24. cxd3 Rf5 25. Qd4 Rxf3 26. Qxg4 Rxf1+ 27. Kxf1 Qg2+ 28. Ke1 Bf3 0-1

[Event "Barcelona IM 08"]
[Site "Barcelona"]
[Date "2020.08.18"]
[Round "8"]
[White "Gomez Anadon, Daniel"]
[Black "Martinez Fernandez, Adrian"]
[Result "0-1"]
[WhiteElo "2286"]
[BlackElo "2332"]
[PlyCount "104"]
[EventDate "2020.08.11"]
[EventType "tourn"]
[EventRounds "9"]
[EventCountry "ESP"]
[EventCategory "1"]
[SourceTitle "CBM 197 Extra"]
[Source "ChessBase"]
[SourceDate "2020.09.30"]
[SourceVersion "1"]
[SourceVersionDate "2020.09.30"]
[SourceQuality "1"]

1. e4 e6 2. d4 d5 3. Nc3 Nf6 4. e5 Nfd7 5. f4 c5 6. Nf3 Nc6 7. Ne2 b6 8. g3 Ba6 9. c3 Qc7 10. Bh3 g6 11. Be3 cxd4 12. Nfxd4 Nxd4 13. cxd4 Be7 14. Rc1 Qb7 15. Kf2 0-0 16. Qd2 Rac8 17. Kg2 Rxc1 18. Rxc1 Rc8 19. Nc3 b5 20. Ne2 b4 21. Rxc8+ Qxc8 22. Qc1 Qc4 23. Qxc4 dxc4 24. Kf2 Nb6 25. Bg2 Nd5 26. Bd2 Bb5 27. Be4 Kf8 28. g4 Ke8 29. f5 a5 30. Bxd5 exd5 31. Nf4 Bc6 32. f6 Bf8 33. e6 fxe6 34. Nxe6 Bd6 35. f7+ Kxf7 36. Nd8+ Kf6 37. Nxc6 Bc7 38. h4 h5 39. Kf3 Ke6 40. gxh5 gxh5 41. Bf4 Bb6 42. Ke3 Kd7 43. Ne5+ Ke6 44. Nf3 a4 45. Kd2 Kf5 46. Bd6 Ba5 47. Ke3 b3 48. axb3 axb3 49. Ba3 Kg4 50. Be7 Bc7 51. Bb4 Kg3 52. Be7 Bf4+ 0-1

[Event "Barcelona IM 08"]
[Site "Barcelona"]
[Date "2020.08.12"]
[Round "2"]
[White "Ternault, Mathieu"]
[Black "Gomez Anadon, Daniel"]
[Result "1-0"]
[WhiteElo "2341"]
[BlackElo "2286"]
[PlyCount "74"]
[EventDate "2020.08.11"]
[EventType "tourn"]
[EventRounds "9"]
[EventCountry "ESP"]
[EventCategory "1"]
[SourceTitle "CBM 197 Extra"]
[Source "ChessBase"]
[SourceDate "2020.09.30"]
[SourceVersion "1"]
[SourceVersionDate "2020.09.30"]
[SourceQuality "1"]

1. Nf3 d5 2. e3 Nf6 3. c4 e6 4. Nc3 b6 5. b3 Bb7 6. Bb2 Nbd7 7. cxd5 exd5 8. d4 a6 9. Ne5 Bd6 10. f4 Ne4 11. Nxe4 dxe4 12. Qc1 Qh4+ 13. g3 Qe7 14. Bh3 Bb4+ 15. Kf2 Nxe5 16. fxe5 b5 17. a3 Ba5 18. Bc3 Bxc3 19. Qxc3 Bd5 20. Rhc1 c6 21. Qc5 h5 22. a4 Qxc5 23. Rxc5 Ke7 24. a5 Rh6 25. Rac1 f6 26. Rxc6 Bxc6 27. Rxc6 fxe5 28. Rc7+ Kf8 29. dxe5 Re8 30. Rc5 h4 31. Bg4 Rd8 32. gxh4 Rxh4 33. Kg3 Rh6 34. h3 Rd3 35. Kf4 Rxb3 36. Rc8+ Ke7 37. Rc7+ Kd8 1-0

[Event "Barcelonca Manana IM"]
[Site "Barcelona"]
[Date "2020.08.04"]
[Round "4"]
[White "Lever, Erwan"]
[Black "Gomez Anadon, Daniel"]
[Result "0-1"]
[WhiteElo "2128"]
[BlackElo "2286"]
[PlyCount "76"]
[EventDate "2020.08.01"]
[EventType "tourn"]
[EventRounds "9"]
[EventCountry "ESP"]
[EventCategory "3"]
[SourceTitle "CBM 197 Extra"]
[Source "ChessBase"]
[SourceDate "2020.09.30"]
[SourceVersion "1"]
[SourceVersionDate "2020.09.30"]
[SourceQuality "1"]

1. d4 d5 2. c4 e6 3. Nf3 Nf6 4. g3 dxc4 5. Bg2 a6 6. 0-0 Nc6 7. e3 Bd7 8. Qe2 b5 9. b3 cxb3 10. axb3 Be7 11. Bd2 0-0 12. Rc1 Bd6 13. Ne1 Nd5 14. Nc3 Qe7 15. Nxd5 exd5 16. Bxd5 Nxd4 17. Qd3 c6 18. Bg2 Ne6 19. Bxc6 Nc5 20. Rxc5 Bxc5 21. Bxa8 Rxa8 22. Qd5 Rd8 23. Ba5 Rc8 24. b4 Be6 25. Qd2 Ba7 26. Rd1 h6 27. Nd3 Bg4 28. Rc1 Rc4 29. Nf4 Rxc1+ 30. Qxc1 g5 31. Nd5 Qe5 32. Qd2 Bf3 33. Nc3 Qe6 34. Qd8+ Kg7 35. Bc7 Bxe3 36. Bd6 Be4 37. Bf8+ Kg6 38. Kf1 Bb6 0-1

[Event "Gibraltar Masters 18th"]
[Site "Caleta"]
[Date "2020.01.26"]
[Round "6"]
[White "Paveto, Kevin"]
[Black "Gomez Anadon, Daniel"]
[Result "1-0"]
[WhiteElo "2452"]
[BlackElo "2276"]
[PlyCount "83"]
[EventDate "2020.01.21"]
[EventType "swiss"]
[EventRounds "10"]
[EventCountry "GGB"]
[SourceTitle "CBM 194 Extra"]
[Source "ChessBase"]
[SourceDate "2020.03.31"]
[SourceVersion "1"]
[SourceVersionDate "2020.03.31"]
[SourceQuality "1"]

1. e4 c5 2. Nf3 d6 3. d4 cxd4 4. Nxd4 Nf6 5. Nc3 a6 6. Be3 e5 7. Nb3 Be6 8. f4 Ng4 9. Bd2 exf4 10. Bxf4 Nc6 11. Qd2 Be7 12. 0-0-0 0-0 13. Nd5 Bxd5 14. exd5 Nb8 15. Qe2 Nf6 16. g4 a5 17. g5 Nfd7 18. h4 Na6 19. Rh3 Re8 20. Re3 Nc7 21. Bg2 Bf8 22. Nd4 Rxe3 23. Qxe3 g6 24. Qg3 Nb6 25. Qb3 Ra6 26. h5 Be7 27. hxg6 hxg6 28. Qg3 Nbxd5 29. Bd2 Bf8 30. Rf1 Nb4 31. a3 Nc6 32. Nxc6 bxc6 33. Bc3 Bg7 34. Qf4 Qe7 35. Bf6 Bxf6 36. gxf6 Qe5 37. Qh6 Ne8 38. Qh4 Rb6 39. b3 Qa1+ 40. Kd2 Qxa3 41. Re1 Rb8 42. Bxc6 1-0

[Event "Gibraltar Masters 18th"]
[Site "Caleta"]
[Date "2020.01.24"]
[Round "4"]
[White "Di Berardino, Diego Rafael"]
[Black "Gomez Anadon, Daniel"]
[Result "1/2-1/2"]
[WhiteElo "2478"]
[BlackElo "2276"]
[PlyCount "75"]
[EventDate "2020.01.21"]
[EventType "swiss"]
[EventRounds "10"]
[EventCountry "GGB"]
[SourceTitle "CBM 194 Extra"]
[Source "ChessBase"]
[SourceDate "2020.03.31"]
[SourceVersion "1"]
[SourceVersionDate "2020.03.31"]
[SourceQuality "1"]

1. d4 d5 2. c4 e6 3. Nf3 Nf6 4. g3 dxc4 5. Bg2 Nc6 6. 0-0 a6 7. e3 Rb8 8. Nfd2 e5 9. Bxc6+ bxc6 10. dxe5 Ng4 11. Nxc4 Be6 12. Nbd2 Bb4 13. Qe2 Bxd2 14. Bxd2 h5 15. f3 h4 16. fxg4 hxg3 17. b3 Rxh2 18. Qf3 Rxd2 19. Nxd2 Qxd2 20. Qxg3 Rd8 21. Qf3 Rd5 22. Rfd1 Qc3 23. Rac1 Qxe5 24. Qf4 Qb2 25. Qxc7 Rxd1+ 26. Rxd1 Bd5 27. Qb8+ Ke7 28. Qb4+ Ke8 29. Qb8+ Ke7 30. e4 Qe2 31. Qc7+ Ke8 32. Qc8+ Ke7 33. Qc7+ Ke8 34. Qb8+ Ke7 35. Qa7+ Ke8 36. Qa8+ Ke7 37. Qa7+ Ke8 38. Qb8+ 1/2-1/2

[Event "Barcelona City op 24th"]
[Site "Barcelona"]
[Date "2019.10.03"]
[Round "7"]
[White "Duran Vega, Sergio"]
[Black "Gomez Anadon, Daniel"]
[Result "1/2-1/2"]
[WhiteElo "2387"]
[BlackElo "2245"]
[PlyCount "47"]
[EventDate "2019.09.27"]
[EventType "swiss"]
[EventRounds "9"]
[EventCountry "ESP"]
[SourceTitle "EXT 2020"]
[Source "ChessBase"]
[SourceDate "2019.10.17"]
[SourceVersion "1"]
[SourceVersionDate "2019.10.17"]
[SourceQuality "1"]

1. d4 d5 2. c4 e6 3. Nf3 Nf6 4. g3 dxc4 5. Bg2 a6 6. 0-0 Nc6 7. e3 Rb8 8. Nfd2 Qd7 9. Nxc4 b5 10. Ncd2 Be7 11. Nc3 0-0 12. Nde4 Nxe4 13. Nxe4 Rd8 14. Qh5 Bb7 15. Bd2 f5 16. Ng5 Bxg5 17. Qxg5 Ne7 18. Bb4 Bxg2 19. Bxe7 Bxf1 20. Bxd8 Be2 21. Re1 Bf3 22. Qf4 Ba8 23. Bxc7 Rc8 24. Rc1 1/2-1/2

[Event "Barcelona City op 24th"]
[Site "Barcelona"]
[Date "2019.09.27"]
[Round "1"]
[White "Sosa, Tomas Sebastian"]
[Black "Gomez Anadon, Daniel"]
[Result "1-0"]
[WhiteElo "2524"]
[BlackElo "2245"]
[PlyCount "20"]
[EventDate "2019.09.27"]
[EventType "swiss"]
[EventRounds "9"]
[EventCountry "ESP"]
[SourceTitle "EXT 2020"]
[Source "ChessBase"]
[SourceDate "2019.10.17"]
[SourceVersion "1"]
[SourceVersionDate "2019.10.17"]
[SourceQuality "1"]

1. e4 c5 2. Nf3 d6 3. d4 cxd4 4. Qxd4 Nc6 5. Qe3 g6 6. Be2 Bg7 7. 0-0 Nf6 8. Rd1 0-0 9. h3 Nd7 10. c4 Qb6 1-0

[Event "ESP-chT CECLUB Div2"]
[Site "Linares"]
[Date "2019.08.20"]
[Round "3.8"]
[White "Bayo Milagro, Alvaro"]
[Black "Gomez Anadon, Daniel"]
[Result "1/2-1/2"]
[WhiteElo "2284"]
[BlackElo "2274"]
[PlyCount "104"]
[EventDate "2019.08.19"]
[EventType "team-swiss"]
[EventRounds "7"]
[EventCountry "ESP"]
[SourceTitle "EXT 2020"]
[Source "ChessBase"]
[SourceDate "2019.10.17"]
[SourceVersion "1"]
[SourceVersionDate "2019.10.17"]
[SourceQuality "1"]
[WhiteTeam "San Juan"]
[BlackTeam "Andorra Escacs"]
[WhiteTeamCountry "ESP"]
[BlackTeamCountry "ESP"]

1. d4 d5 2. c4 e6 3. Nf3 Nf6 4. e3 c6 5. Nbd2 Nbd7 6. b3 Bd6 7. Bb2 Qe7 8. Ne5 Ne4 9. a3 Nxd2 10. Qxd2 f6 11. Nxd7 Bxd7 12. Be2 0-0 13. 0-0 f5 14. c5 Bc7 15. f4 Rf6 16. b4 Rh6 17. g3 g5 18. a4 Kh8 19. Rf2 Rg8 20. Rg2 Be8 21. Bc3 Bh5 22. Rb1 Bxe2 23. Qxe2 Rhg6 24. Qf3 Qg7 25. b5 gxf4 26. exf4 Bd8 27. bxc6 bxc6 28. Kf2 Bf6 29. Ke3 Qh6 30. Kd3 Qh3 31. Be1 h5 32. Re2 Re8 33. a5 Rg7 34. a6 Qg4 35. Qe3 Kg8 36. Reb2 e5 37. Rb8 e4+ 38. Kd2 Rge7 39. Bf2 Kf7 40. Rxe8 Kxe8 41. Rb8+ Kf7 42. Rc8 Qh3 43. Rxc6 Qf1 44. Rd6 Qb5 45. Qc3 Re6 46. Ke1 Rxd6 47. cxd6 Bd8 48. Qe3 Ba5+ 49. Kd1 Qb1+ 50. Ke2 Qb5+ 51. Kd1 Qb1+ 52. Ke2 Qb5+ 1/2-1/2

[Event "Zaragoza Rey Ardid 1st"]
[Site "Zaragoza"]
[Date "2019.07.18"]
[Round "5"]
[White "Gomez Anadon, Daniel"]
[Black "Sos Andreu, Eric"]
[Result "1-0"]
[WhiteElo "2305"]
[BlackElo "2343"]
[PlyCount "85"]
[EventDate "2019.07.15"]
[EventType "tourn"]
[EventRounds "9"]
[EventCountry "ESP"]
[EventCategory "3"]
[SourceTitle "CBM 191 Extra"]
[Source "ChessBase"]
[SourceDate "2019.09.30"]
[SourceVersion "1"]
[SourceVersionDate "2019.09.30"]
[SourceQuality "1"]

1. e4 c6 2. Nc3 d5 3. Nf3 Nf6 4. e5 Ne4 5. Ne2 Qb6 6. d4 e6 7. Ng3 c5 8. c3 Nc6 9. Bd3 Nxg3 10. hxg3 cxd4 11. cxd4 Bd7 12. Kf1 Rc8 13. a3 Be7 14. g4 Na5 15. b4 Nc4 16. g3 a5 17. Rb1 axb4 18. axb4 Bb5 19. Kg2 Kd7 20. Bg5 h6 21. Bxe7 Kxe7 22. Rh4 Ra8 23. Bxc4 dxc4 24. d5 exd5 25. Nd4 Bd7 26. Nf5+ Kf8 27. b5 Ra2 28. Nd4 c3 29. Qb3 Rxf2+ 30. Kxf2 Qxd4+ 31. Kg2 Qd2+ 32. Kf3 c2 33. Qa3+ Kg8 34. Rbh1 Bxb5 35. R4h2 Qd1+ 36. Ke3 d4+ 37. Kf4 Bc6 38. Qa8+ Kh7 39. Rxh6+ gxh6 40. Rxh6+ Kxh6 41. Qxh8+ Kg6 42. Qg8+ Kh6 43. g5+ 1-0

[Event "Sant Antoni de Portmany 1st"]
[Site "Sant Antoni de Portmany"]
[Date "2019.06.02"]
[Round "9"]
[White "Gomez Anadon, Daniel"]
[Black "Adell Corts, Francisco"]
[Result "1-0"]
[WhiteElo "2303"]
[BlackElo "2175"]
[PlyCount "45"]
[EventDate "2019.05.27"]
[EventType "tourn"]
[EventRounds "9"]
[EventCountry "ESP"]
[EventCategory "3"]
[SourceTitle "EXT 2024"]
[Source "ChessBase"]
[SourceDate "2023.10.10"]
[SourceVersion "1"]
[SourceVersionDate "2023.10.10"]
[SourceQuality "1"]

1. Nf3 g6 2. e4 Bg7 3. d4 d6 4. Nc3 Nf6 5. Be3 c6 6. Qd2 b5 7. Bd3 0-0 8. h3 Nbd7 9. 0-0 Nb6 10. b3 Qc7 11. Rfe1 b4 12. Ne2 c5 13. dxc5 dxc5 14. Bf4 Qb7 15. Ng3 Rd8 16. Bh6 c4 17. bxc4 Nxc4 18. Qg5 Nb2 19. Bxg7 Nxd3 20. Qh6 Nc5 21. e5 Qc6 22. exf6 exf6 23. Nh5 1-0

[Event "Sant Antoni de Portmany 1st"]
[Site "Sant Antoni de Portmany"]
[Date "2019.05.28"]
[Round "2"]
[White "Dardha, Arben"]
[Black "Gomez Anadon, Daniel"]
[Result "1/2-1/2"]
[WhiteElo "2292"]
[BlackElo "2303"]
[PlyCount "119"]
[EventDate "2019.05.27"]
[EventType "tourn"]
[EventRounds "9"]
[EventCountry "ESP"]
[EventCategory "3"]
[SourceTitle "EXT 2024"]
[Source "ChessBase"]
[SourceDate "2023.10.10"]
[SourceVersion "1"]
[SourceVersionDate "2023.10.10"]
[SourceQuality "1"]

1. e4 c5 2. Nf3 d6 3. Bb5+ Bd7 4. Bxd7+ Qxd7 5. c4 Nc6 6. d4 cxd4 7. Nxd4 Nf6 8. Nc3 g6 9. f3 Bg7 10. Be3 0-0 11. 0-0 a6 12. a4 Rac8 13. b3 e6 14. Rc1 Qc7 15. Nde2 Qa5 16. Qxd6 Rfd8 17. Qc5 Rd3 18. Rcd1 Rxd1 19. Rxd1 Qxc5 20. Bxc5 Na5 21. Be3 Nxb3 22. e5 Ne8 23. f4 f6 24. Ne4 fxe5 25. c5 Nf6 26. Nd6 Rc7 27. fxe5 Ng4 28. Bf4 Nxc5 29. Ne8 Rd7 30. Rc1 Bxe5 31. Bxe5 Nxe5 32. Nf6+ Kf7 33. Nxd7 Nexd7 34. a5 Ke7 35. Rc3 Kd6 36. Rh3 h5 37. Nf4 Ne5 38. Rg3 Ne4 39. Re3 Nc5 40. Rg3 Ne4 41. Rb3 Nc5 42. Rb6+ Ke7 43. h4 Kf6 44. Rb1 Kf5 45. g3 Nc6 46. Rc1 Ne4 47. Re1 e5 48. Nxg6 Nxg3 49. Nf8 Nxa5 50. Kg2 Ne4 51. Rf1+ Kg4 52. Re1 Nf6 53. Rxe5 Nc6 54. Re6 Nd5 55. Re4+ Nf4+ 56. Kf2 Kf5 57. Ra4 Ne5 58. Ra5 Nfd3+ 59. Ke3 Kf6 60. Nh7+ 1/2-1/2

[Event "Catalunya-ch"]
[Site "Vila Seca"]
[Date "2019.04.22"]
[Round "8"]
[White "Herrera Reyes, Jose Antonio"]
[Black "Gomez Anadon, Daniel"]
[Result "1/2-1/2"]
[WhiteElo "2355"]
[BlackElo "2271"]
[PlyCount "98"]
[EventDate "2019.04.18"]
[EventType "swiss"]
[EventRounds "8"]
[EventCountry "ESP"]
[SourceTitle "CBM 189 Extra"]
[Source "ChessBase"]
[SourceDate "2019.06.03"]
[SourceVersion "1"]
[SourceVersionDate "2019.06.03"]
[SourceQuality "1"]

1. Nf3 d5 2. g3 Nf6 3. Bg2 Bf5 4. d3 h6 5. 0-0 e6 6. c3 c6 7. Qb3 Qb6 8. Be3 Qa6 9. a4 Bd6 10. Qa2 c5 11. b4 cxb4 12. cxb4 Nbd7 13. Nd4 Bg6 14. b5 Qa5 15. b6 0-0 16. bxa7 Be5 17. h3 Rxa7 18. Nd2 Rfa8 19. N2b3 Qd8 20. a5 Ra6 21. Qd2 Bc7 22. Qb4 Bxa5 23. Nxa5 Rxa5 24. Rxa5 Rxa5 25. Qxb7 Qa8 26. Rb1 Qxb7 27. Rxb7 Ra1+ 28. Kh2 e5 29. Nb3 Rb1 30. Nc5 Rxb7 31. Nxb7 Bf5 32. f4 Be6 33. Nd6 exf4 34. gxf4 Bg4 35. Bf1 g6 36. Kg3 Be6 37. f5 Bxf5 38. Nxf5 gxf5 39. Bxh6 Kh7 40. Be3 Kg6 41. Bd4 Nf8 42. Bg2 Nh5+ 43. Kh4 Kh6 44. Be3+ f4 45. Bxd5 fxe3 46. Bxf7 Nf4 47. Kg3 Nxe2+ 48. Kf3 Nf4 49. Kxe3 Nxh3 1/2-1/2

[Event "EU Small Countries ol 6th"]
[Site "San Marino"]
[Date "2019.03.27"]
[Round "5.4"]
[White "Dornbusch, Tatiana"]
[Black "Gomez Anadon, Daniel"]
[Result "0-1"]
[WhiteElo "2282"]
[BlackElo "2271"]
[PlyCount "90"]
[EventDate "2019.03.24"]
[EventType "team-tourn"]
[EventRounds "9"]
[EventCountry "SMR"]
[SourceTitle "CBM 189 Extra"]
[Source "ChessBase"]
[SourceDate "2019.06.03"]
[SourceVersion "1"]
[SourceVersionDate "2019.06.03"]
[SourceQuality "1"]
[WhiteTeam "Monaco"]
[BlackTeam "Andorra"]
[WhiteTeamCountry "MNC"]
[BlackTeamCountry "AND"]

1. Nf3 d5 2. c4 e6 3. g3 Nf6 4. Bg2 dxc4 5. Na3 Bxa3 6. bxa3 Nc6 7. Bb2 0-0 8. Qc2 Re8 9. Qxc4 e5 10. Ng5 Qe7 11. 0-0 h6 12. Ne4 Nxe4 13. Bxe4 Bd7 14. Rfc1 Rac8 15. d3 Nd8 16. a4 Bc6 17. a5 Bxe4 18. Qxe4 a6 19. Rab1 c6 20. Bc3 Qe6 21. Rb3 f5 22. Qa4 Rc7 23. Ba1 Rd7 24. Qa3 Rd5 25. e4 fxe4 26. dxe4 Rd2 27. Rb2 Rxb2 28. Qxb2 Kh7 29. Rc5 Nf7 30. Qxb7 Rd8 31. Rc1 Ng5 32. Qb3 Qg4 33. Qe3 Rd1+ 34. Rxd1 Qxd1+ 35. Kg2 Qxa1 36. h4 Ne6 37. Qb6 Nd4 38. Qxa6 Qd1 39. Qb6 Qf3+ 40. Kg1 Qxe4 41. a6 Nf3+ 42. Kg2 Nxh4+ 43. Kh3 Qh1+ 44. Kg4 Kg6 45. gxh4 Qg2# 0-1